Normal view
MARC view
- العرب والفرس-تاريخ-المسلمون والفرس-تاريخ-البلاد العربية-علاقات خارجية-ايران
Entry Topical Term
001 - CONTROL NUMBER
- control field: 60749
003 - CONTROL NUMBER IDENTIFIER
- control field: JO-AjAnu
005 - DATE AND TIME OF LATEST TRANSACTION
- control field: 20230606083929.0
008 - FIXED-LENGTH DATA ELEMENTS
- fixed length control field: 230606|| aca||aabn | a|a d
040 ## - CATALOGING SOURCE
- Original cataloging agency: JO-AjAnu
- Transcribing agency: JO-AjAnu
150 ## - HEADING--TOPICAL TERM
- Topical term or geographic name entry element: العرب والفرس-تاريخ-المسلمون والفرس-تاريخ-البلاد العربية-علاقات خارجية-ايران
670 ## - SOURCE DATA FOUND
- Source citation: Work cat.: (JO-AjAnu)30982: الحفيظ، عماد محمد, author 60748, الحقد الفارسي والصفوي تجاه العرب والمسلمين